Métodos para la recopilación e interpretación de datos sobre aguas subterráneas

Guardat en:
Dades bibliogràfiques
Autor principal: Bentall, Ray
Format: Llibre
Idioma:Spanish
Publicat: México : Centro Regional de Ayuda Técnica 1968
Matèries:
Etiquetes: Afegir etiqueta
Sense etiquetes, Sigues el primer a etiquetar aquest registre!

MARC

LEADER 00000nam a2200000Ia 4500
003 001967
005 20221231143957.0
008 140114s1968 mx a 000 ||spa d
040 |c cru CEDI 
082 |a 553.79 B475m 
100 |a Bentall, Ray   |9 21055 
245 |a Métodos para la recopilación e interpretación de datos sobre aguas subterráneas 
260 |a México : Centro Regional de Ayuda Técnica  |c  1968 
300 |a 109 páginas 
650 |x AGUAS SUBTERRANEAS APROVECHAMIENTO ESTADOS UNIDOS  |x INGENIERIA ABASTECIMIENTO DE AGUA ESTADOS UNIDOS  |x ABSTECIMIENTO DE AGUA  |9 21056 
942 |2 ddc  |c BK 
999 |c 15091  |d 15091